[Event "World Senior Teams +50"]
[Site "Radebeul GER"]
[Date "2016.06.26"]
[Round "1.21"]
[Board "1"]
[White "Wuttke, Hans"]
[Black "Bayarmaa, Gendenjamc"]
[Result "1/2-1/2"]
[WhiteElo "2140"]
[BlackElo "1929"]
[WhiteTeam "Empor Potsdam"]
[BlackTeam "Mongolia Women"]
[WhiteFideId "4636120"]
[BlackFideId "4900189"]
[EventDate "2016.06.26"]

1. c4 e6 2. g3 d5 3. Nf3 f5 4. Bg2 Nf6 5. O-O c6 6. b3 Be7 7. Bb2 O-O 8. d3 Nbd7
9. Nbd2 h6 10. Qc2 Nc5 11. b4 Na6 12. a3 Nc7 13. Ne5 a5 14. Qb3 Qd6 15. Ng6 Re8
16. Be5 Qd8 17. Nxe7+ Rxe7 18. Nf3 Nd7 19. Qb2 Ne8 20. Bc3 Nb6 21. c5 Na4 22.
Qc2 Nxc3 23. Qxc3 Nc7 24. d4 Nb5 25. Qb2 Qe8 26. Ne5 g5 27. Qd2 axb4 28. axb4
Rxa1 29. Rxa1 Nc7 30. f3 Rg7 31. e4 Qd8 32. Re1 Qf6 33. Kh1 h5 34. Ra1 g4 35.
fxg4 hxg4 36. exd5 exd5 37. Qf2 Qg5 38. Bf1 Rh7 39. Bd3 Rh3 40. Rf1 Qh5 41. Rg1
Qg5 42. Bf1 Rh5 43. Nd3 Rh7 44. Nf4 Re7 45. Bd3 Ne8 46. Re1 Kf7 47. b5 Ng7 48.
b6 Rxe1+ 49. Qxe1 Qe7 50. Qf2 Qf6 51. Kg2 Qg5 52. Qe3 Ne6 53. Qe5 Nxf4+ 54. gxf4
Qe7 55. Kg3 Qxe5 56. fxe5 Kg6 57. Kf4 Be6 58. Ba6 Bc8 59. Bf1 Be6 60. h3 gxh3
61. Bxh3 Bc8 62. Bf1 Be6 63. Bd3 Bc8 64. e6 Kf6 65. Bxf5 Bxe6 66. Bd3 Bc8 67.
Be2 Bd7 68. Bh5 Bc8 69. Be8 Ke7 1/2-1/2

[Event "World Senior Teams +50"]
[Site "Radebeul GER"]
[Date "2016.06.26"]
[Round "1.21"]
[Board "2"]
[White "Battsengel, Shirchin"]
[Black "Jeske, Eckhard"]
[Result "0-1"]
[WhiteTitle "WFM"]
[WhiteElo "1956"]
[BlackElo "2171"]
[WhiteTeam "Mongolia Women"]
[BlackTeam "Empor Potsdam"]
[WhiteFideId "4900391"]
[BlackFideId "4641485"]
[EventDate "2016.06.26"]

1. d4 Nf6 2. c4 c6 3. Nc3 d5 4. Bg5 Ne4 5. Nxe4 dxe4 6. e3 Qa5+ 7. Qd2 Qxg5 8.
Ne2 e5 9. h4 Qe7 10. Nc3 exd4 11. Qxd4 Na6 12. Nxe4 c5 13. Qd3 Nb4 14. Qb1 Bf5
15. Nd6+ Qxd6 16. Qxf5 g6 17. Qe4+ Qe7 18. Qb1 Bg7 19. a3 Nc6 20. Be2 h5 21. Qc2
Rd8 22. Rb1 a5 23. g3 O-O 24. g4 hxg4 25. h5 Ne5 26. hxg6 f5 27. Kf1 f4 28. Qe4
fxe3 29. Qxe3 Nxg6 30. Qxe7 Nxe7 31. Bxg4 Nf5 32. Kg1 Rd4 33. f3 Rd2 34. Bxf5
Rxf5 35. Rh2 Rxh2 36. Kxh2 Rxf3 37. b4 cxb4 38. axb4 a4 0-1

[Event "World Senior Teams +50"]
[Site "Radebeul GER"]
[Date "2016.06.26"]
[Round "1.21"]
[Board "3"]
[White "Schulz, Michael1"]
[Black "Soyolmaa, Dashdondog"]
[Result "1-0"]
[WhiteTitle "FM"]
[BlackTitle "WCM"]
[WhiteElo "2127"]
[BlackElo "1923"]
[WhiteTeam "Empor Potsdam"]
[BlackTeam "Mongolia Women"]
[WhiteFideId "4616731"]
[BlackFideId "4900146"]
[EventDate "2016.06.26"]

1. d4 d5 2. Bg5 c6 3. e3 Nd7 4. Nd2 Ngf6 5. Ngf3 e6 6. Bd3 h6 7. Bh4 Be7 8. Qe2
O-O 9. Bxf6 Bxf6 10. e4 e5 11. dxe5 Nxe5 12. Nxe5 Bxe5 13. O-O-O Qf6 14. c3 d4
15. c4 c5 16. h4 Bd7 17. g3 Qb6 18. Rdg1 Rae8 19. h5 Qa6 20. f4 Bc7 21. Kb1 Qa5
22. Rh2 a6 23. Qf3 Qb6 24. g4 Kh8 25. g5 Re6 26. Rhg2 Rg8 27. f5 Ree8 28. f6 Be5
29. g6 Bxf6 30. gxf7 Qe6 31. fxg8=Q+ Rxg8 32. Qf5 Qxf5 33. exf5 b5 34. Re2 Rb8
35. b3 Be8 36. Ne4 Bxh5 37. Rh2 Bf7 38. Nxf6 bxc4 39. Nd7 Rb4 40. f6 g6 41. Bxg6 1-0

[Event "World Senior Teams +50"]
[Site "Radebeul GER"]
[Date "2016.06.26"]
[Round "1.22"]
[Board "1"]
[White "Nauber, Walter"]
[Black "Scheuermann, Bernhard"]
[Result "1/2-1/2"]
[WhiteElo "1941"]
[BlackElo "2229"]
[WhiteTeam "Blue Wonder"]
[BlackTeam "SV Dresden-Striesen 1990 e.V."]
[WhiteFideId "16212045"]
[BlackFideId "16203283"]
[EventDate "2016.06.26"]

1. d4 d5 2. c4 dxc4 3. Nf3 Nf6 4. e3 e6 5. Bxc4 c5 6. O-O a6 7. dxc5 Bxc5 8. Qc2
Nbd7 9. a3 b5 10. Be2 Bb7 11. b4 Be7 12. Rd1 Rc8 13. Qd2 Ne4 14. Qe1 Bf6 15. Nd4
Qb6 16. Bb2 Ne5 17. Nb3 O-O 18. Bd4 Qc7 19. f3 Bd5 20. Rc1 Qb8 21. N1d2 Nxd2 22.
Nxd2 Nd7 23. Bxf6 Nxf6 24. e4 Bb7 25. Nb3 Nd7 26. Qf2 Rfd8 27. Rxc8 Rxc8 28. Rc1
Rxc1+ 29. Nxc1 Qc7 30. Qe3 h6 31. Nb3 e5 32. Kf2 Bc8 33. Qc1 Qxc1 34. Nxc1 Nf8
35. Nd3 f6 36. Nc5 Ne6 37. Nxe6 Bxe6 38. Ke3 g5 39. g4 Kf7 40. Kd2 Ke7 41. Kc3
Kd6 42. Bd1 Bc4 43. Kd2 Kc6 44. Kc3 Bf7 45. Bb3 1/2-1/2

[Event "World Senior Teams +50"]
[Site "Radebeul GER"]
[Date "2016.06.26"]
[Round "1.22"]
[Board "2"]
[White "Arenhoevel, Mark"]
[Black "Keeve, Martin"]
[Result "1-0"]
[WhiteElo "2090"]
[BlackElo "1893"]
[WhiteTeam "SV Dresden-Striesen 1990 e.V."]
[BlackTeam "Blue Wonder"]
[WhiteFideId "4684540"]
[BlackFideId "12903205"]
[EventDate "2016.06.26"]

1. c4 c5 2. Nc3 Nc6 3. g3 g6 4. Bg2 Bg7 5. a3 Nf6 6. Rb1 a5 7. Nf3 O-O 8. O-O
Qb6 9. d3 d6 10. Bg5 Be6 11. Ne1 Rfe8 12. Nc2 Rec8 13. Ne3 Rab8 14. Bxf6 exf6
15. Ned5 Qd8 16. b4 axb4 17. axb4 b6 18. e3 f5 19. b5 Ne7 20. Rb3 Nxd5 21. Nxd5
Bxd5 22. Bxd5 Rc7 23. Ra3 Bb2 24. Ra2 Bc3 25. Qc2 Ba5 26. Rd1 Qf6 27. d4 Re8 28.
Qd3 Ree7 29. Re2 Ra7 30. Ra2 Bb4 31. Ra6 Ba5 32. Ra1 Qg7 33. R1xa5 bxa5 34. Rxd6
Red7 35. Rc6 Rac7 36. Rxc7 Rxc7 37. b6 Rc8 38. b7 Rb8 39. dxc5 Qb2 40. c6 Qb6
41. Qd4 Qc7 42. Qf4 1-0

[Event "World Senior Teams +50"]
[Site "Radebeul GER"]
[Date "2016.06.26"]
[Round "1.22"]
[Board "3"]
[White "Reinhardt, Joachim"]
[Black "Siegmund, Rainer"]
[Result "1/2-1/2"]
[WhiteElo "1876"]
[BlackElo "2087"]
[WhiteTeam "Blue Wonder"]
[BlackTeam "SV Dresden-Striesen 1990 e.V."]
[WhiteFideId "12925659"]
[BlackFideId "4614321"]
[EventDate "2016.06.26"]

1. d4 Nf6 2. c4 e6 3. Nf3 b6 4. Nc3 Bb4 5. Qb3 Bxc3+ 6. Qxc3 Bb7 7. Bg5 h6 8.
Bh4 d6 9. e3 g5 10. Bg3 Ne4 11. Qc2 Nd7 12. Bd3 f5 13. O-O-O Qe7 14. Ne1 O-O-O
15. Bxe4 Bxe4 16. Qa4 Kb8 17. f3 Bb7 18. Nd3 e5 19. Nb4 f4 20. exf4 gxf4 1/2-1/2

[Event "World Senior Teams +50"]
[Site "Radebeul GER"]
[Date "2016.06.26"]
[Round "1.23"]
[Board "1"]
[White "Burchardt, Brigitte"]
[Black "Van Bentum, Horst"]
[Result "1/2-1/2"]
[WhiteTitle "WIM"]
[WhiteElo "2177"]
[BlackElo "2071"]
[WhiteTeam "Germany 1 Women"]
[BlackTeam "Schachfreunde MV"]
[WhiteFideId "4612213"]
[BlackFideId "4671961"]
[EventDate "2016.06.26"]

1. e4 e5 2. Bc4 Nc6 3. Nf3 Be7 4. d3 Nf6 5. O-O d6 6. c3 O-O 7. h3 Na5 8. Bb5 c5
9. Nbd2 Qc7 10. Re1 Bd7 11. Bxd7 Nxd7 12. b4 Nc6 13. b5 Nd8 14. Bb2 Ne6 15. d4
a6 16. a4 axb5 17. axb5 Bf6 18. dxe5 dxe5 19. Nc4 Nb6 20. Nfd2 Nf4 21. Qb3 Rfd8
22. Nxb6 Qxb6 23. Rxa8 Rxa8 24. Nf3 Nd3 1/2-1/2

[Event "World Senior Teams +50"]
[Site "Radebeul GER"]
[Date "2016.06.26"]
[Round "1.23"]
[Board "2"]
[White "Sager, Bernd"]
[Black "Wagner-Michel, Annett"]
[Result "1/2-1/2"]
[BlackTitle "WIM"]
[WhiteElo "1901"]
[BlackElo "2139"]
[WhiteTeam "Schachfreunde MV"]
[BlackTeam "Germany 1 Women"]
[WhiteFideId "1270995"]
[BlackFideId "4612205"]
[EventDate "2016.06.26"]

1. d4 d5 2. c4 e6 3. Nc3 Nf6 4. Bg5 Be7 5. e3 O-O 6. Nf3 c6 7. Bd3 a5 8. O-O
Nbd7 9. Rc1 Re8 10. Re1 h6 11. Bh4 dxc4 12. Bxc4 b5 13. Bd3 Bb7 14. Qe2 Qb6 15.
Red1 Bd6 16. Bb1 Ba6 17. Qc2 Rac8 18. Ne5 Qc7 19. Nxd7 Qxd7 20. Bxf6 gxf6 21.
Qh7+ Kf8 22. Qxh6+ Ke7 23. Ne4 f5 24. Qf6+ Kf8 25. Qh6+ Ke7 26. Qf6+ Kf8 27.
Qh8+ 1/2-1/2

[Event "World Senior Teams +50"]
[Site "Radebeul GER"]
[Date "2016.06.26"]
[Round "1.23"]
[Board "3"]
[White "Mai, Iris"]
[Black "Segebarth, Bernd"]
[Result "1/2-1/2"]
[WhiteTitle "WIM"]
[WhiteElo "2094"]
[BlackElo "1924"]
[WhiteTeam "Germany 1 Women"]
[BlackTeam "Schachfreunde MV"]
[WhiteFideId "4627393"]
[BlackFideId "24657506"]
[EventDate "2016.06.26"]

1. d4 e6 2. c4 Bb4+ 3. Bd2 Bxd2+ 4. Qxd2 f5 5. Nc3 Nf6 6. g3 Ne4 7. Nxe4 fxe4 8.
Bg2 d5 9. Rc1 O-O 10. f4 Nd7 11. Nh3 Nf6 12. O-O Bd7 13. Nf2 Bc6 14. b3 Qe7 15.
e3 a5 16. Rfd1 Qb4 17. Bh3 Rfe8 18. Ng4 Qxd2 19. Rxd2 Nxg4 20. Bxg4 Re7 21. Rdc2
Kf7 22. a3 Kf6 23. h4 h6 24. cxd5 exd5 25. Rc5 1/2-1/2

[Event "World Senior Teams +50"]
[Site "Radebeul GER"]
[Date "2016.06.26"]
[Round "1.23"]
[Board "4"]
[White "Mueggenburg, Rolf"]
[Black "Wolf, Sylvia"]
[Result "0-1"]
[BlackTitle "WFM"]
[WhiteElo "1755"]
[BlackElo "2034"]
[WhiteTeam "Schachfreunde MV"]
[BlackTeam "Germany 1 Women"]
[WhiteFideId "4670965"]
[BlackFideId "4612701"]
[EventDate "2016.06.26"]

1. Nf3 d5 2. g3 c5 3. Bg2 Nc6 4. d4 Bg4 5. e3 Nf6 6. h3 Bxf3 7. Bxf3 e6 8. Bg2
Qc7 9. O-O Ne4 10. Bxe4 dxe4 11. Nd2 f5 12. c3 O-O-O 13. Qb3 Re8 14. a4 h5 15.
Kg2 h4 16. Rh1 hxg3 17. fxg3 Bd6 18. Nf1 g5 19. Bd2 Na5 20. Qd1 c4 21. Be1 Nb3
22. Ra2 Rh6 23. Qc2 Reh8 24. Nd2 Nxd2 25. Qxd2 Qh7 26. Qe2 Rxh3 27. Qxc4+ Kb8
28. Rg1 Rh2+ 0-1

[Event "World Senior Teams +50"]
[Site "Radebeul GER"]
[Date "2016.06.26"]
[Round "1.24"]
[Board "1"]
[White "Jeute, Peter"]
[Black "Krebs, Johann"]
[Result "0-1"]
[BlackTitle "FM"]
[WhiteElo "1978"]
[BlackElo "2273"]
[WhiteTeam "SV Bannewitz"]
[BlackTeam "Graz"]
[WhiteFideId "24646091"]
[BlackFideId "1603590"]
[EventDate "2016.06.26"]

1. d4 Nf6 2. Nf3 g6 3. e3 Bg7 4. Be2 O-O 5. O-O c5 6. c4 cxd4 7. exd4 d5 8. Nc3
Nc6 9. h3 dxc4 10. Bxc4 Na5 11. Be2 Be6 12. Ng5 Bc4 13. b3 Bxe2 14. Nxe2 Nc6 15.
Bb2 Qa5 16. Nf3 Rfd8 17. Qe1 Qa6 18. Ne5 Rac8 19. Nc4 Nd5 20. Qd2 b5 21. Ne3
Ncb4 22. a3 Nc6 23. Rfd1 Qb7 24. Nxd5 Rxd5 25. Qe3 Rcd8 26. f4 Qd7 27. Rd2 Nxd4
28. Nxd4 Bxd4 29. Bxd4 Rxd4 30. Rxd4 Qxd4 31. Qxd4 Rxd4 0-1

[Event "World Senior Teams +50"]
[Site "Radebeul GER"]
[Date "2016.06.26"]
[Round "1.24"]
[Board "2"]
[White "Wegerer, Fred"]
[Black "Hartig, Uwe"]
[Result "0-1"]
[WhiteTitle "FM"]
[WhiteElo "2110"]
[BlackElo "2001"]
[WhiteTeam "Graz"]
[BlackTeam "SV Bannewitz"]
[WhiteFideId "1601113"]
[BlackFideId "24668222"]
[EventDate "2016.06.26"]

1. c4 e5 2. Nc3 Nc6 3. e3 f5 4. a3 Nf6 5. Nge2 d5 6. cxd5 Nxd5 7. b4 Be6 8. Bb2
Nb6 9. d3 a5 10. b5 Na7 11. Ng3 Qd7 12. a4 Bb4 13. Be2 c6 14. O-O cxb5 15. axb5
O-O 16. Na4 Nxa4 17. Qxa4 f4 18. Ne4 fxe3 19. fxe3 Rxf1+ 20. Rxf1 Nxb5 21. Bxe5
Nd4 22. Qxd7 Nxe2+ 23. Kf2 Bxd7 24. Kxe2 Bg4+ 25. Kf2 Rf8+ 26. Bf4 h6 27. h4 Be7
28. Kg3 Be2 29. Rb1 Bb4 30. Bd6 Bxd3 31. Rxb4 axb4 32. Bxf8 Kxf8 33. Nc5 Bc2 34.
Kf2 b5 35. Ke1 Ke7 36. Kd2 Bg6 37. Na6 b3 38. Kc3 Bf7 39. Nc5 Kd6 40. Nxb3 Bxb3
41. Kxb3 Ke5 42. Kb4 Ke4 43. Kxb5 Kxe3 44. Kc5 Kf2 45. g4 Kg3 46. g5 h5 0-1

[Event "World Senior Teams +50"]
[Site "Radebeul GER"]
[Date "2016.06.26"]
[Round "1.24"]
[Board "3"]
[White "Koehn, Walter"]
[Black "Detter, Peter"]
[Result "0-1"]
[WhiteElo "1785"]
[BlackElo "2028"]
[WhiteTeam "SV Bannewitz"]
[BlackTeam "Graz"]
[WhiteFideId "12975222"]
[BlackFideId "1603680"]
[EventDate "2016.06.26"]

1. d4 d5 2. c4 Bf5 3. Nc3 e6 4. Nf3 c6 5. e3 Nd7 6. cxd5 exd5 7. Bd3 Bxd3 8.
Qxd3 Ngf6 9. Bd2 Bd6 10. O-O O-O 11. Rfe1 Re8 12. e4 dxe4 13. Nxe4 Nxe4 14. Rxe4
Rxe4 15. Qxe4 Nf6 16. Qd3 Qd7 17. Re1 Re8 18. Rxe8+ Qxe8 19. Be3 Qe4 20. Qxe4
Nxe4 21. a3 a5 22. Kf1 Kf8 23. Ke2 Ke7 24. h3 Ke6 25. Kd3 Nf6 26. Ng5+ Ke7 27.
Ne4 Nxe4 28. Kxe4 Ke6 29. g4 g6 30. a4 f5+ 31. gxf5+ gxf5+ 32. Kd3 Kd5 33. b3 b5
34. Bd2 Bc7 35. axb5 cxb5 36. f3 Bb6 37. Be3 a4 38. bxa4 bxa4 39. Kc3 a3 40. Kb3
Bxd4 41. Bd2 Bc5 42. h4 h5 43. Bf4 Kd4 44. Bg5 Kd3 45. Bc1 Ke2 46. f4 Kf3 47.
Ka2 Kg4 0-1

[Event "World Senior Teams +50"]
[Site "Radebeul GER"]
[Date "2016.06.26"]
[Round "1.24"]
[Board "4"]
[White "Kainz, Josef"]
[Black "Seifert, Klaus"]
[Result "1-0"]
[WhiteElo "1877"]
[BlackElo "1886"]
[WhiteTeam "Graz"]
[BlackTeam "SV Bannewitz"]
[WhiteFideId "1613030"]
[BlackFideId "24639877"]
[EventDate "2016.06.26"]

1. d4 Nf6 2. c4 g6 3. Nc3 d5 4. Nf3 Bg7 5. Qb3 dxc4 6. Qxc4 O-O 7. e4 Nc6 8. Be2
e5 9. d5 Nd4 10. Nxd4 exd4 11. Qxd4 c6 12. Qc4 cxd5 13. exd5 Bf5 14. O-O Rc8 15.
Qb3 Ne4 16. Nxe4 Bxe4 17. Bf3 Bxf3 18. Qxf3 Re8 19. Rb1 Rc2 20. Be3 Qa5 21. d6
Qxa2 22. d7 Rd8 23. Qe4 1-0

[Event "World Senior Teams +50"]
[Site "Radebeul GER"]
[Date "2016.06.26"]
[Round "1.25"]
[Board "1"]
[White "Hedin, Gunnar"]
[Black "Nachtkamp, Herbert"]
[Result "1/2-1/2"]
[WhiteElo "2171"]
[BlackElo "2091"]
[WhiteTeam "Sweden"]
[BlackTeam "SK Norderstedt von 1975 e.V."]
[WhiteFideId "1712381"]
[BlackFideId "4642660"]
[EventDate "2016.06.26"]

1. d4 d5 2. c4 e6 3. Nc3 Nf6 4. cxd5 exd5 5. Bg5 Nbd7 6. e3 Be7 7. Bd3 c6 8. Qc2
Nh5 9. Bxe7 Qxe7 10. Nge2 Nb6 11. O-O-O g6 12. Kb1 Ng7 13. Ng3 Ne6 14. Rhe1 O-O
15. Nge2 f5 16. g3 Bd7 17. Qb3 Rae8 18. h4 Bc8 19. Rc1 Nd7 20. Qc2 Nf6 21. Ng1
Ng4 22. Re2 Ng7 23. Nf3 Nh5 24. Qb3 Kg7 25. Ng5 Ngf6 26. Nf3 Ng4 27. Ng5 Ngf6 1/2-1/2

[Event "World Senior Teams +50"]
[Site "Radebeul GER"]
[Date "2016.06.26"]
[Round "1.25"]
[Board "2"]
[White "Freter, Anke"]
[Black "Holst, Conny"]
[Result "1/2-1/2"]
[WhiteElo "1865"]
[BlackElo "2148"]
[WhiteTeam "SK Norderstedt von 1975 e.V."]
[BlackTeam "Sweden"]
[WhiteFideId "4638727"]
[BlackFideId "1701428"]
[EventDate "2016.06.26"]

1. e4 c5 2. Nf3 d6 3. d4 cxd4 4. Nxd4 Nf6 5. Nc3 Nc6 6. Bc4 e6 7. Bg5 a6 8. Bb3
Qa5 9. Bxf6 gxf6 10. Qd2 Bd7 11. O-O-O b5 12. f4 h5 13. Kb1 Qb6 14. Nxc6 Bxc6
15. Rhe1 O-O-O 16. f5 Bd7 17. Qe2 Kb8 18. Qf3 1/2-1/2

[Event "World Senior Teams +50"]
[Site "Radebeul GER"]
[Date "2016.06.26"]
[Round "1.25"]
[Board "3"]
[White "Wademark, Helge"]
[Black "Bordasch, Christian"]
[Result "1-0"]
[WhiteElo "2067"]
[BlackElo "1830"]
[WhiteTeam "Sweden"]
[BlackTeam "SK Norderstedt von 1975 e.V."]
[WhiteFideId "1701606"]
[BlackFideId "12977730"]
[EventDate "2016.06.26"]

1. e4 c6 2. d4 d5 3. exd5 cxd5 4. Bd3 Nc6 5. c3 Nf6 6. h3 e6 7. Nf3 Bd6 8. O-O
O-O 9. Re1 Qc7 10. Nbd2 Bd7 11. Nf1 Rac8 12. Bg5 Be7 13. Ne5 Be8 14. f4 Qd8 15.
f5 exf5 16. Bxf5 Rc7 17. Qf3 h6 18. Bf4 Nxe5 19. Bxe5 Bd6 20. Ne3 Bc6 21. Bd3
Bxe5 22. dxe5 Ne4 23. Rad1 Rd7 24. Qg4 Qg5 25. Qxg5 Nxg5 26. Bf5 Ne6 27. Bxe6
fxe6 28. Rf1 Rdf7 29. Rxf7 Rxf7 30. Rf1 Rxf1+ 31. Kxf1 Kf7 32. Nc2 Kg6 33. Nd4
Bd7 34. Kf2 Kf7 35. Ke3 Ke7 36. Kd3 a6 37. Ke3 Be8 38. Nb3 b6 39. Nd4 Kd7 40. g3
Bg6 41. Kd2 Be4 42. a3 g5 43. Ke3 Bg2 44. h4 gxh4 45. gxh4 Be4 46. Kf4 Bg6 47.
Kg4 Bf7 48. Kf4 Bh5 49. Nc2 Bf7 50. Ne3 h5 51. Kg5 Ke7 52. Nf1 a5 53. Ng3 b5 54.
b4 axb4 55. axb4 Bg8 56. Nxh5 Bh7 57. Kh6 1-0

[Event "World Senior Teams +50"]
[Site "Radebeul GER"]
[Date "2016.06.26"]
[Round "1.26"]
[Board "1"]
[White "Kracht, Helmut"]
[Black "Becker, Norbert"]
[Result "1/2-1/2"]
[WhiteElo "2022"]
[BlackElo "2092"]
[WhiteTeam "SK Kaltenkirchen"]
[BlackTeam "Rochade Bielefeld Revival"]
[WhiteFideId "4690567"]
[BlackFideId "4675649"]
[EventDate "2016.06.26"]

1. e4 c5 2. Nc3 Nc6 3. Bb5 Nd4 4. Bc4 g6 5. Nge2 Bg7 6. O-O e6 7. f4 Ne7 8. Nxd4
cxd4 9. Ne2 d5 10. Bb5+ Bd7 11. Bxd7+ Qxd7 12. e5 Nc6 13. b3 f6 14. Bb2 fxe5 15.
fxe5 Bxe5 16. Nf4 O-O 17. Qg4 Bxf4 18. Rxf4 Rxf4 19. Qxf4 e5 20. Qg3 Rf8 21. c3
dxc3 22. dxc3 Qf5 23. Ba3 Rf7 24. h3 Qf4 25. Qxf4 Rxf4 26. Rd1 d4 27. cxd4 exd4
28. Bb2 Rf5 29. Rd2 Rd5 30. Rf2 Ra5 31. a3 Rd5 32. Kf1 Na5 33. Rc2 d3 34. Rc8+
Kf7 35. Ke1 Ke6 36. b4 Nc6 37. Re8+ Kf5 38. Kd2 Rd7 39. Re3 b5 40. Rf3+ Ke4 1/2-1/2

[Event "World Senior Teams +50"]
[Site "Radebeul GER"]
[Date "2016.06.26"]
[Round "1.26"]
[Board "2"]
[White "Mueller, Gerhard1"]
[Black "Schiller, Dirk"]
[Result "1-0"]
[WhiteElo "2110"]
[BlackElo "1776"]
[WhiteTeam "Rochade Bielefeld Revival"]
[BlackTeam "SK Kaltenkirchen"]
[WhiteFideId "4692829"]
[BlackFideId "1270380"]
[EventDate "2016.06.26"]

1. d4 d5 2. Nc3 Nf6 3. Bg5 c6 4. Nf3 h6 5. Bh4 Bf5 6. e3 Qa5 7. Bxf6 exf6 8. Bd3
Bxd3 9. cxd3 Bb4 10. Qb3 Bxc3+ 11. bxc3 Qb6 12. O-O Qxb3 13. axb3 O-O 14. b4 Nd7
15. Nd2 f5 16. Nb3 a6 17. Nc5 Nxc5 18. bxc5 f6 19. Rfb1 Rf7 20. Rb6 Rc8 21. Rab1
Rcc7 22. Kf1 Rfd7 23. Ke2 Kf7 24. Kd2 Ke6 25. g3 h5 26. Kc2 g5 27. Re1 Re7 28.
Kb3 Kd7 29. c4 Re6 30. Kc3 dxc4 31. Kxc4 Kc8 32. Reb1 Rd7 33. Kc3 Ree7 34. Re1
g4 35. Rb2 Re6 36. Rbe2 Rde7 37. Kd2 Kd7 38. Rf1 Rh7 39. f3 Rh6 40. e4 gxf3 41.
Rxf3 fxe4 42. dxe4 Rg6 43. Rf4 Kc7 44. Kd3 b5 45. cxb6+ Kxb6 46. Rf5 Rg5 47.
Rb2+ Kc7 48. Rbf2 Rg4 49. R2f4 Rxf4 50. gxf4 Kb6 51. Rxh5 a5 52. Rh6 a4 53. e5
a3 54. Kc2 Kb5 55. Rxf6 1-0

[Event "World Senior Teams +50"]
[Site "Radebeul GER"]
[Date "2016.06.26"]
[Round "1.26"]
[Board "3"]
[White "Nowack, Achim"]
[Black "Beilfuss, Wilfried"]
[Result "0-1"]
[WhiteElo "1790"]
[BlackElo "2193"]
[WhiteTeam "SK Kaltenkirchen"]
[BlackTeam "Rochade Bielefeld Revival"]
[WhiteFideId "24659185"]
[BlackFideId "4607856"]
[EventDate "2016.06.26"]

1. e4 c5 2. Nf3 Nc6 3. d3 g6 4. Be2 Bg7 5. Nc3 e6 6. Bg5 Nge7 7. O-O d6 8. h3
O-O 9. Qd2 Rb8 10. Bh6 Nd4 11. Bxg7 Kxg7 12. Nxd4 cxd4 13. Nd1 Bd7 14. f4 Rc8
15. c4 b5 16. b3 bxc4 17. dxc4 e5 18. Nf2 f5 19. Bd3 Kh8 20. fxe5 dxe5 21. Rae1
f4 22. Be2 Ng8 23. Bg4 Bxg4 24. Nxg4 Qe7 25. Nh2 Nf6 26. Rf3 Nh5 27. Nf1 Rf7 28.
Re2 Rcf8 29. Ref2 Kg7 30. b4 Nf6 31. Re2 h5 32. c5 g5 33. Rb3 Nh7 34. c6 g4 35.
Nh2 Qe6 36. b5 Kg6 37. hxg4 hxg4 38. Qe1 g3 39. Rxg3+ fxg3 40. Qxg3+ Ng5 41. c7
Rxc7 0-1

[Event "World Senior Teams +50"]
[Site "Radebeul GER"]
[Date "2016.06.26"]
[Round "1.27"]
[Board "1"]
[White "Jakel, Wolfgang"]
[Black "Buchholz, Ralf"]
[Result "1-0"]
[WhiteElo "2204"]
[BlackElo "1926"]
[WhiteTeam "VSG 1880 Offenbach"]
[BlackTeam "Deutsche Schach-Loewen"]
[WhiteFideId "4625676"]
[BlackFideId "24693910"]
[EventDate "2016.06.26"]

1. e4 c6 2. d4 d5 3. Nd2 dxe4 4. Nxe4 Nd7 5. Nf3 Ngf6 6. Nxf6+ Nxf6 7. Ne5 e6 8.
c3 Bd6 9. Bd3 Qc7 10. Nc4 Bf4 11. Qf3 Bxc1 12. Rxc1 b5 13. Ne5 Bb7 14. Qh3 O-O-O
15. O-O h5 16. f4 Kb8 17. b4 Nd5 18. Be4 f5 19. Bxd5 cxd5 20. Rfe1 g5 21. fxg5
Rdg8 22. g6 Rh6 23. Re3 Bc6 24. Qh4 Be8 25. Qg5 Rhxg6 26. Nxg6 Rxg6 27. Qh4 Rg4
28. Qf6 Rg6 29. Qf8 Qd7 30. Rf1 Qf7 31. Qd6+ Kb7 32. Rg3 Rf6 33. Qe5 Bd7 34. Rf4
Be8 35. Rg5 Rg6 36. Rxg6 Qxg6 37. Rf3 Qh6 38. Qe3 Qf6 39. Qf4 Kc6 40. Rg3 Bd7
41. Rg8 Qf7 42. Ra8 1-0

[Event "World Senior Teams +50"]
[Site "Radebeul GER"]
[Date "2016.06.26"]
[Round "1.27"]
[Board "2"]
[White "Grosselohmann, Gerhard"]
[Black "Hoehn, Michael"]
[Result "0-1"]
[WhiteElo "2004"]
[BlackElo "2069"]
[WhiteTeam "Deutsche Schach-Loewen"]
[BlackTeam "VSG 1880 Offenbach"]
[WhiteFideId "4645219"]
[BlackFideId "4622693"]
[EventDate "2016.06.26"]

1. d4 Nf6 2. c4 g6 3. Nc3 d5 4. cxd5 Nxd5 5. g3 Bg7 6. Bg2 Nxc3 7. bxc3 c5 8. e3
O-O 9. Ne2 Qc7 10. O-O Na6 11. Qb3 Rb8 12. Bb2 b5 13. Rac1 Bb7 14. e4 e5 15. Ba3
Qb6 16. Kh1 exd4 17. cxd4 c4 18. Qe3 b4 19. Bb2 c3 20. Ba1 Nc7 21. Rb1 Qa5 22.
Rb3 Ba6 23. Rfb1 Bc4 24. Nc1 Bxb3 25. Rxb3 Nb5 26. e5 Nxd4 27. Qxd4 Rfd8 28. Qg4
Qxe5 29. Bf3 Qe1+ 30. Kg2 Qxc1 0-1

[Event "World Senior Teams +50"]
[Site "Radebeul GER"]
[Date "2016.06.26"]
[Round "1.28"]
[Board "1"]
[White "Rorvik, Jon F."]
[Black "Mueller, Michael1"]
[Result "1/2-1/2"]
[BlackTitle "FM"]
[WhiteElo "2145"]
[BlackElo "2244"]
[WhiteTeam "Norway Mix"]
[BlackTeam "Stiftung BSW / DBAG II"]
[WhiteFideId "1501852"]
[BlackFideId "4622081"]
[EventDate "2016.06.26"]

1. c4 e6 2. g3 d5 3. Bg2 Nf6 4. Nf3 c5 5. cxd5 exd5 6. d4 b6 7. O-O Be7 8. Nc3
O-O 9. b3 Nc6 10. Bb2 Bb7 11. Rc1 Re8 12. e3 Bf8 13. Ne5 Nxe5 14. dxe5 Rxe5 15.
Ne2 Re8 16. Bxf6 Qxf6 17. Nf4 Rad8 18. Nxd5 Qf5 19. g4 Qe6 20. e4 Bd6 21. Qf3
Qe5 22. Qh3 Re6 23. f4 Qd4+ 24. Kh1 Rh6 25. Qf3 Bxd5 26. exd5 g5 27. Rc4 Qf6 28.
fxg5 Rxh2+ 29. Kg1 Qxf3 30. Rxf3 Rh4 31. Kf2 Kg7 32. Rf6 h5 33. Kf3 Be5 34. Rf5
Bd4 35. gxh5 Rxh5 36. Kg4 Rdh8 37. d6 Rh4+ 38. Kg3 R4h7 39. Rc2 Rd8 40. Rd5 Rxd6
41. Rxd6 Be5+ 42. Kg4 Bxd6 43. Bd5 Be5 44. Kf5 Bd4 45. Bxf7 Rh1 46. g6 Re1 47.
a4 a6 48. Bc4 Re5+ 49. Kf4 Re3 50. Re2 Rxe2 51. Bxe2 Kxg6 52. Bxa6 Kf6 53. Ke4
Ke6 54. Kd3 Kd6 55. Kc4 Bf2 56. Bb5 1/2-1/2